Science And Islam (Record no. 67019)

MARC details
000 -LEADER
fixed length control field 00246nam a22001097a 4500
082 ## - DEWEY DECIMAL CLASSIFICATION NUMBER
Classification number ATT
100 ## - MAIN ENTRY--AUTHOR NAME
Personal name Atta-ur-Rehman
245 ## - TITLE STATEMENT
Title Science And Islam
260 ## - PUBLICATION, DISTRIBUTION, ETC. (IMPRINT)
Place of publication Karachi
Name of publisher Khadim Ali Shah Bhukari Foundition
Year of publication 1998
300 ## - PHYSICAL DESCRIPTION
Number of Pages 176p
942 ## - ADDED ENTRY ELEMENTS (KOHA)
Koha item type Books
Holdings
Withdrawn status Lost status Home library Current library Date acquired Full call number Accession Number Koha item type
    Central Library, QUEST, Nawabshah Central Library, QUEST, Nawabshah 28/07/2021 ATT D686 Books